Devinez l'année de sortie de la musique - Statistiques

Statistiques générales
  • Ce quiz a été pris 32 fois
  • Le résultat moyen est 31 sur 67
Statistiques - réponses
Musiques Années de sortie % Correct
Gangsta's Paradise (Coolio) 1995
83%
One Kiss (Dua Lipa) 2018
79%
Save your tears (The Weeknd) 2020
76%
Dancing Queen (ABBA) 1976
62%
YMCA (Village People) 1978
62%
Imagine (John Lennon) 1980
62%
Thriller (Michael Jackson) 1982
59%
Man Down rumpumpumpum (Rihanna) 2011
59%
Play Hard (David Guetta) 2013
59%
Ma beauté (Maitre Gims) 2016
59%
I want you back (The Jackson 5) 1969
55%
One more time (Daft Punk) 2001
55%
Toxic (Britney Spears) 2004
55%
Umbrella (Rihanna,Jay Z) 2007
55%
Outside (Calvin Harris, Ellie Goulding) 2014
55%
La Seleçao (Alonzo,Jul,Naps) 2021
55%
Espresso (Sabrina Carpenter) 2024
55%
Poupée de cire, poupée de son (France Gall) 1965
52%
We will rock you (Queen) 1977
52%
L'Aziza (Daniel Balavoine) 1985
52%
Zombie (The cranberries) 1994
52%
Barbie Girl (Aqua) 1997
52%
Baby one more time (Britney Spears) 1998
52%
In the end (Linkin Park) 2000
52%
Dernière Danse (Kyo) 2003
52%
Hips don't Lie (Shakira) 2006
52%
Bad Romance (Lady Gaga) 2009
52%
Sunset Lover (Petit Biscuit) 2015
52%
Con calma (Daddy Yankee) 2019
52%
As it Was (Harry Styles) 2022
52%
Fade Up (Hamza,Sch) 2022
52%
Soleil Bleu (Luiza) 2025
52%
Les démons de minuits (Images) 1986
48%
Like a Prayer (Madonna) 1989
48%
Viva la Vida (Coldplay) 2008
48%
Somebody that i used to know (Gotye) 2012
48%
Smells like Teen spirit (Nirvana) 1991
45%
Je danse le Mia (IAM) 1993
45%
Lose yourself 2002
45%
Love me do (The Beatles) 1962
41%
Laisse moi t'aimer (Mike Brant) 1970
41%
Pour un flirt (Michel Delpech) 1971
41%
Le lundi au soleil (Claude François) 1972
41%
Je l'aime à mourir (Francis Cabrel) 1979
41%
Every breath you take (The Police) 1983
41%
Yellow Submarine (The Beatles) 1966
38%
Angie (The Rolling Stones) 1973
38%
Le sud (Nino Ferrer) 1975
38%
Femme libérée (Cookie Dingler) 1984
38%
Une autre histoire (Gérard Blanc) 1987
38%
Bitter sweet symphony (The Verve) 1996
38%
Welcome to St Tropez (Dj Antoine) 2010
38%
Mama (Jonas Blue) 2017
38%
Hey Jude (The Beatles) 1968
34%
Le chasseur (Michel Delpech) 1974
34%
Etre une femme (Michel Sardou) 1981
34%
Enjoy the Silence (Depeche Mode) 1990
34%
L'amour toujours (Gigi d'Agostino) 1999
34%
It's now or never (Elvis Presley) 1960
31%
House of the rising sun (The Animals) 1964
31%
Pourvu qu'elles soient douces (Mylène Farmer) 1988
31%
Purple Haze (Jimi Hendrix) 1967
28%
Bad day (Daniel Powter) 2005
28%
Blowin'in the Wind (Bob Dylan) 1963
24%
Would i lie to you? (Charles & Eddie) 1992
24%
Runaway (Del Shannon) 1961
17%
It goes like nanana 2023
17%
Aucun quiz correspondant
Distribution des résultats
% des personnes avec chaque résultat
Percentile par nombre de réponses
Votre historique - résultats
Vous n’avez pas pris ce quiz